| 000 | 00538nam a2200157Ia 4500 | ||
|---|---|---|---|
| 008 | 200626s9999 xx 000 0 und d | ||
| 020 | _a978-1-119-99571-5 | ||
| 100 | _aMiles, David | ||
| 245 |
_cDavid Miles, Andrew Scott, Francis Breedon.-- _aMacroeconomics: _bUnderstanding the global economy / |
||
| 250 | _a3rd ed. | ||
| 260 |
_aUnited Kingdom: _bJohn Wiley & Sons Ltd _c2012 |
||
| 300 | _axix, 597 pages | ||
| 500 | _aIncludes Index | ||
| 650 | _aBUSINESS & ECONOMICS -- Economics -- Macroeconomics. | ||
| 650 | _aMacroeconomics. | ||
| 999 |
_c363794 _d363794 |
||